000 00243nam a2200109Ia 4500
999 _c9381
_d9381
020 _a9780684834887
100 _aPhilip Kotler
245 4 _aThe Marketing of Nations
260 _aNew Jersey
_bPrentice Hall
_c2001
300 _a296
942 _cBK